Estado y derecho en la Costa Rica del siglo XIX /
sin resumen
Guardado en:
| Autor principal: | |
|---|---|
| Formato: | Texto |
| Materias: | |
| Etiquetas: |
Agregar Etiqueta
Sin Etiquetas, Sea el primero en etiquetar este registro!
|
MARC
| LEADER | 00000 a a2200000 04500 | ||
|---|---|---|---|
| 001 | 14381 | ||
| 003 | |||
| 040 | |||
| 100 | |a Volio de Kobe, Marina | ||
| 245 | |a Estado y derecho en la Costa Rica del siglo XIX / |c Marina Volio de Kobe | ||
| 520 | |a sin resumen | ||
| 650 | |a DERECHO | ||
| 650 | |a JURISPRUDENCIA | ||
| 650 | |a SISTEMA JUDICIAL | ||
| 773 | |g número 63; páginas 129-149 | ||
| 999 | |c 27050 |d 27050 | ||
| 773 | 0 | |0 41718 |9 5145 |a Universidad de Costa Rica. |d San José, Costa Rica: Universidad de Costa Rica.Facultad de Derecho; Colegio de Abogados, |o MFN: 1577 |t Revista de Ciencias Jurídicas / | |
